| 000 | 00730nam a2200241 a 4500 | ||
|---|---|---|---|
| 005 | 20200104041523.0 | ||
| 008 | 140120b1998 ck ||||| |||| 00| 0 spa d | ||
| 040 |
_aCOBoIH _cCOBoIH |
||
| 041 | _aspa | ||
| 044 | _ack | ||
| 090 |
_aIAvH _b00023 |
||
| 110 |
_bInstituto de Investigación de Recursos Biológicos Alexander von Humboldt _9204 |
||
| 100 |
_92450 _aConstantino-Ch., Luis Miguel _ePRUEBA |
||
| 245 | _aArtrópodos amenazados de Colombia | ||
| 260 |
_aBogotá _bInstituto Alexander von Humboldt _c1998? |
||
| 300 | _a32 p. | ||
| 650 |
_aArtrópodos _92658 |
||
| 650 |
_aEspecies amenazadas _9157 |
||
| 650 |
_aInventarios _992201 |
||
| 662 | _aColombia | ||
| 700 |
_aConstantino, Emilio _94160 |
||
| 942 |
_cINFORME _2z |
||
| 999 |
_c1661 _d1661 |
||